00848cam a22002531 4500001001300000003000400013005001700017008004100034010001700075035001900092040004800111042001200159043001200171050002200183082001100205100002500216245009600241260003000337300004000367410007700407650004600484650004700530999001700577gs 51000139 DLC20260227111357.0771207s1951 msua s000 0 eng c ags 51000139  a(OCoLC)3470996 aU.S. Geol. Survey. Libr.cNcBoAdOCoLCdDLC apremarc an-us-ms00aQE129b.A2 no. 72 a551.491 aLusk, Tracy Wallace.10aGround water investigations along Bogue Phalia between Symonds and Malvina, Bolivar County. aUniversity, Miss.,c1951. a19 p.bdiagrs. (part fold.)c23 cm.20aMississippi Geological, Economic, and Topographical SurveytBulletinv72 0aGroundwaterzMississippizBolivar County. 0aWater-supplyzMississippizBolivar County. c28556d28556